[Event "38th Olympiad"]
[Site "Dresden GER"]
[Date "2008.11.19"]
[Round "6"]
[White "Khenkin,I"]
[Black "Karjakin,Sergey"]
[Result "0-1"]
[WhiteElo "2647"]
[BlackElo "2730"]
[EventDate "2008.11.13"]

1. d4 d5 2. c4 c6 3. Nf3 Nf6 4. Qb3 dxc4 5. Qxc4 Bf5 6. g3 e6 7. Bg2 Nbd7
8. O-O Be7 9. Nc3 O-O 10. Re1 Ne4 11. Qb3 Qb6 12. Nh4 Bxh4 13. gxh4 Ndf6
14. f3 Nxc3 15. bxc3 Qc7 16. e4 Bg6 17. Re2 Nh5 18. Rf2 Rfd8 19. Be3 h6 20.
a4 Rd7 21. a5 Qd8 22. a6 b6 23. f4 Rc8 24. f5 exf5 25. exf5 Bh7 26. f6 Nxf6
27. Bh3 Rd5 28. Bxc8 Qxc8 29. Bf4 Be4 30. Re1 Qg4+ 31. Bg3 Nh5 32. Qd1 Qg6
33. Re3 Rb5 34. Qe2 Rb1+ 35. Rf1 Nf4 36. Rxe4 Nxe2+ 37. Rxe2 Rxf1+ 38. Kxf1
Qd3 39. Be1 Qxa6 40. Kf2 Qc4 0-1

[Event "38th Olympiad"]
[Site "Dresden GER"]
[Date "2008.11.19"]
[Round "6"]
[White "Cheparinov,I"]
[Black "Istratescu,A"]
[Result "1/2-1/2"]
[WhiteElo "2696"]
[BlackElo "2633"]
[EventDate "2008.11.13"]

1. e4 e5 2. Nf3 Nf6 3. Nxe5 d6 4. Nf3 Nxe4 5. d4 d5 6. Bd3 Be7 7. O-O Nd6
8. Bf4 O-O 9. Re1 Re8 10. Nbd2 Nd7 11. c3 Nf8 12. Qc2 c6 13. Re2 g6 14.
Rae1 Ne6 15. Rxe6 Bxe6 16. Rxe6 fxe6 17. Bxg6 Nf5 18. Bxe8 Qxe8 19. Ne5 Qf8
20. Qd3 Nh4 21. Qg3+ Qg7 22. Qh3 Qf6 23. g3 Ng6 24. Ng4 Qf8 25. Nh6+ Kh8
26. Be3 Re8 27. Qh5 Bf6 28. Nf3 Bg7 29. h4 Bxh6 30. Bxh6 Qf5 31. Qxf5 exf5
32. h5 Ne7 33. Ne5 Nc8 34. Kg2 Nd6 35. Kf3 Nc4 36. Kf4 Nxb2 37. Kxf5 Nd1
38. f4 Nxc3 39. g4 Kg8 40. g5 Ne2 41. g6 Nxd4+ 42. Kg5 Ne6+ 43. Kg4 hxg6
44. hxg6 Nf8 45. Kh5 d4 46. Ng4 Nd7 47. f5 d3 48. f6 Re5+ 49. Nxe5 Nxe5 50.
Bf4 Nf7 51. Kg4 c5 52. Kf5 Nh8 53. Bh6 b5 54. Bd2 b4 55. g7 Nf7 56. Ke4 a5
57. Kxd3 Ne5+ 58. Ke4 Nd7 59. Kd5 Nxf6+ 60. Kxc5 1/2-1/2

[Event "38th Olympiad"]
[Site "Dresden GER"]
[Date "2008.11.19"]
[Round "6"]
[White "Agopov,M"]
[Black "Lie,K"]
[Result "0-1"]
[WhiteElo "2449"]
[BlackElo "2526"]
[EventDate "2008.11.13"]

1. e4 c5 2. Nf3 g6 3. d4 cxd4 4. Nxd4 Bg7 5. c4 Nc6 6. Be3 Nf6 7. Nc3 d6 8.
Be2 O-O 9. O-O Nxd4 10. Bxd4 Bd7 11. Qd2 Bc6 12. f3 a5 13. b3 Nd7 14. Be3
Nc5 15. Rab1 Qb6 16. Rfc1 Rfc8 17. Rc2 Qd8 18. Bf1 h5 19. a3 Kh7 20. Nd5 e6
21. Nf4 Qe7 22. b4 axb4 23. axb4 Na4 24. Rd1 Rd8 25. Ne2 d5 26. exd5 exd5
27. c5 Nb2 28. Bg5 f6 29. Rxb2 fxg5 30. Nd4 Ba4 31. Rbb1 Bxd1 32. Rxd1
Bxd4+ 33. Qxd4 Ra3 34. Bd3 Qg7 35. Be4 Qxd4+ 36. Rxd4 Rb3 37. Bxd5 Kg7 38.
Kf2 Kf6 39. Kg3 Ke5 40. Bxb3 Rxd4 41. Bc2 Rxb4 42. Bxg6 Rh4 43. f4+ Kd4 44.
fxg5 Rg4+ 45. Kf3 Rxg5 46. Be4 Rg7 0-1

[Event "38th Olympiad"]
[Site "Dresden GER"]
[Date "2008.11.19"]
[Round "6"]
[White "Hammer,J"]
[Black "Lehtinen,H"]
[Result "1-0"]
[WhiteElo "2522"]
[BlackElo "2381"]
[EventDate "2008.11.13"]

1. d4 Nf6 2. c4 e6 3. Nf3 c5 4. Nc3 cxd4 5. Nxd4 Bb4 6. g3 Ne4 7. Qd3 Qa5
8. Nb3 Nxc3 9. Bd2 Qc7 10. Bxc3 Bxc3+ 11. Qxc3 O-O 12. Bg2 d6 13. O-O Bd7
14. Rfd1 Bc6 15. e4 Rd8 16. Rd2 Nd7 17. Rad1 Nc5 18. Qe3 Ba4 19. e5 Nd7 20.
Rxd6 Nb6 21. Qc5 Rxd6 22. Rxd6 Qe7 23. Na5 Nd7 24. Qd4 Qg5 25. b3 Nxe5 26.
bxa4 1-0

[Event "38th Olympiad"]
[Site "Dresden GER"]
[Date "2008.11.19"]
[Round "6"]
[White "San Segundo Carrillo,P"]
[Black "Laylo,D"]
[Result "1-0"]
[WhiteElo "2564"]
[BlackElo "2507"]
[EventDate "2008.11.13"]

1. d4 d5 2. c4 c6 3. Nf3 Nf6 4. Nc3 a6 5. a4 g6 6. Bf4 Bg7 7. e3 O-O 8. Qb3
Qa5 9. Qa3 Re8 10. b4 Qd8 11. Rc1 Bg4 12. Ne5 Be6 13. a5 Nbd7 14. Nxd7 Nxd7
15. cxd5 cxd5 16. Be2 b5 17. Nxb5 axb5 18. Bc7 Qc8 19. Bxb5 Ra7 20. Bf4 Qb7
21. Ba4 Bf5 22. O-O e5 23. dxe5 Bxe5 24. Bc6 Qb8 25. Bxe5 Rxe5 26. Rfd1 Be6
27. Qc3 Rh5 28. f4 Qd8 29. e4 Rc7 30. b5 Qh4 31. Qg3 Qxg3 32. hxg3 Nb8 33.
Bxd5 Rxc1 34. Rxc1 Nd7 35. g4 1-0

[Event "38th Olympiad"]
[Site "Dresden GER"]
[Date "2008.11.19"]
[Round "6"]
[White "Stefansson,H"]
[Black "Nguyen Ngoc Truong Son"]
[Result "0-1"]
[WhiteElo "2575"]
[BlackElo "2567"]
[EventDate "2008.11.13"]

1. e4 e6 2. d4 d5 3. Nc3 Nc6 4. Nf3 Nf6 5. exd5 exd5 6. Bb5 Be7 7. Ne5 Bd7
8. Bxc6 Bxc6 9. Nxc6 bxc6 10. O-O O-O 11. Bg5 Re8 12. Re1 h6 13. Bh4 Nd7
14. Bg3 Nf8 15. Qg4 Bd6 16. Rxe8 Qxe8 17. Kf1 Qb8 18. b3 Qb4 19. Nd1 Re8
20. Ne3 Re4 21. Qc8 Bxg3 22. hxg3 Qxd4 23. Rd1 Qf6 24. Kg1 d4 25. Nf5 c5
26. Kf1 Re6 27. Nh4 Qe5 28. Kg1 Qe2 29. Rf1 Qxc2 30. Qxc7 d3 31. Qd8 d2 32.
Nf3 Re2 33. g4 Rxf2 0-1

[Event "38th Olympiad"]
[Site "Dresden GER"]
[Date "2008.11.19"]
[Round "6"]
[White "Le Quang Liem"]
[Black "Danielsen,Hen"]
[Result "1-0"]
[WhiteElo "2583"]
[BlackElo "2492"]
[EventDate "2008.11.13"]

1. d4 d6 2. e4 g6 3. Nc3 c6 4. f4 d5 5. e5 h5 6. Nf3 Nh6 7. Be3 Bg4 8. h3
Nf5 9. Bf2 Bxf3 10. Qxf3 h4 11. Bd3 e6 12. O-O a5 13. Ne2 a4 14. Rfd1 Qa5
15. Kh2 Nd7 16. Rab1 Be7 17. b3 axb3 18. axb3 Kf8 19. c4 Bb4 20. Ng1 Qa2
21. Bxf5 gxf5 22. Qe3 Ke8 23. Nf3 Be7 24. Qe1 Qc2 25. Ra1 Rb8 26. c5 Qe4
27. Qd2 b6 28. Re1 bxc5 29. Rxe4 fxe4 30. Ng5 cxd4 31. Qxd4 Bc5 32. Qd2 Bb4
33. Qc2 Rc8 34. Ra6 c5 35. Ra7 Rd8 36. Qe2 1-0

[Event "38th Olympiad"]
[Site "Dresden GER"]
[Date "2008.11.19"]
[Round "6"]
[White "Bogner,S"]
[Black "Banikas,H"]
[Result "0-1"]
[WhiteElo "2448"]
[BlackElo "2572"]
[EventDate "2008.11.13"]

1. Nf3 Nf6 2. c4 c5 3. Nc3 Nc6 4. d4 cxd4 5. Nxd4 e6 6. a3 Bc5 7. Nb3 Be7
8. e4 O-O 9. Be2 b6 10. O-O Ba6 11. Bf4 d6 12. Rc1 Rc8 13. Na1 Na5 14. b3
Bb7 15. Bf3 d5 16. e5 Bxa3 17. Rc2 Ne4 18. Nb5 Bc5 19. Nxa7 Nxf2 20. Rfxf2
Ra8 21. Nb5 dxc4 22. Rcd2 Qh4 23. Nd4 Bxf3 24. Rxf3 Nc6 25. bxc4 Nxd4 26.
Rxd4 Bxd4+ 27. Qxd4 Rfd8 0-1

[Event "38th Olympiad"]
[Site "Dresden GER"]
[Date "2008.11.19"]
[Round "6"]
[White "Zhigalko,S"]
[Black "Eid,Fa"]
[Result "1-0"]
[WhiteElo "2592"]
[BlackElo "2390"]
[EventDate "2008.11.13"]

1. e4 e5 2. Nf3 Nf6 3. d4 Nxe4 4. Bd3 d5 5. Nxe5 Nd7 6. Nxd7 Bxd7 7. O-O
Qh4 8. g3 Qf6 9. Nc3 Nxc3 10. bxc3 O-O-O 11. Qh5 Qe6 12. Bd2 g6 13. Qf3 f6
14. Rfe1 Qf7 15. c4 Bc6 16. c5 Bg7 17. h4 Rhe8 18. c3 Rxe1+ 19. Rxe1 Re8
20. Rxe8+ Bxe8 21. Qe2 Bf8 22. h5 Bd7 23. Qf3 a6 24. Bc2 Bb5 25. Bf4 Bc4
26. a4 Be7 27. g4 Bd8 28. Bg3 Qe8 29. Qe3 Qxe3 30. fxe3 Be2 31. Bxg6 Bxg4
32. h6 Be7 33. Bxh7 Bf8 34. Bf4 a5 35. Bc2 Kd7 36. Kf2 c6 37. Kg3 Be2 38.
Kf2 Bg4 39. Ke1 Ke6 40. c4 Bf5 41. cxd5+ cxd5 42. Bxf5+ Kxf5 43. h7 Bg7 44.
Bc7 1-0

[Event "38th Olympiad"]
[Site "Dresden GER"]
[Date "2008.11.19"]
[Round "6"]
[White "Khairallah,F"]
[Black "Aleksandrov,A"]
[Result "0-1"]
[WhiteElo "2337"]
[BlackElo "2617"]
[EventDate "2008.11.13"]

1. e4 e5 2. Nf3 Nc6 3. Bb5 a6 4. Ba4 Nf6 5. O-O Be7 6. Re1 b5 7. Bb3 d6 8.
c3 O-O 9. h3 Na5 10. Bc2 c5 11. d4 Qc7 12. d5 Bd7 13. b3 Ne8 14. a4 bxa4
15. bxa4 g6 16. Bh6 Ng7 17. Nbd2 Rab8 18. Rb1 Rxb1 19. Qxb1 f5 20. exf5
gxf5 21. Ng5 Rb8 22. Qa2 c4 23. Rb1 Rc8 24. Qa3 Qd8 25. f4 Rc5 26. Bxg7
Kxg7 27. Ne6+ Bxe6 28. dxe6 Qc8 29. Bxf5 exf4 30. Bg4 h5 31. Bf3 Qxe6 32.
Qc1 Qe3+ 33. Kh1 Re5 34. Qc2 Qf2 35. Qd1 d5 36. Bxh5 Nb3 37. Nxb3 cxb3 38.
Bf3 Bc5 39. Bxd5 b2 40. Bf3 Kh6 41. a5 Re3 42. Bc6 Rxc3 43. Be8 f3 44. gxf3
Rc2 0-1

[Event "38th Olympiad"]
[Site "Dresden GER"]
[Date "2008.11.19"]
[Round "6"]
[White "Fedorov,Alex"]
[Black "Somoff,A"]
[Result "1-0"]
[WhiteElo "2584"]
[BlackElo "2282"]
[EventDate "2008.11.13"]

1. e4 c6 2. d3 d5 3. Nd2 Nf6 4. e5 Nfd7 5. f4 e6 6. g3 c5 7. Bg2 Nc6 8. Nh3
Be7 9. O-O O-O 10. Nf3 f6 11. exf6 Bxf6 12. c3 Re8 13. Be3 d4 14. cxd4 cxd4
15. Bd2 Qb6 16. b4 a5 17. bxa5 Qb5 18. Nfg5 Nc5 19. Qh5 Nxa5 20. Rab1 Qd7
21. Qxh7+ Kf8 22. Bb4 b6 23. Bxa8 1-0

[Event "38th Olympiad"]
[Site "Dresden GER"]
[Date "2008.11.19"]
[Round "6"]
[White "Sakr,N"]
[Black "Zhigalko,A"]
[Result "0-1"]
[WhiteElo "2121"]
[BlackElo "2568"]
[EventDate "2008.11.13"]

1. d4 Nf6 2. Nf3 d6 3. c3 Nbd7 4. Bf4 Nh5 5. Bg5 h6 6. Bc1 g6 7. e4 Bg7 8.
Be3 e5 9. Nbd2 O-O 10. dxe5 dxe5 11. g3 Qe7 12. Be2 a5 13. Nh4 Nhf6 14. f3
Nc5 15. Nb3 Ne6 16. O-O b6 17. Qc2 Ng5 18. Rad1 Bh3 19. Ng2 Nfh7 20. Nd2
Rad8 21. f4 exf4 22. gxf4 Ne6 23. Bf3 Nf6 24. Nb3 Ng4 25. Bc1 a4 26. Nd4
Nxd4 27. cxd4 Bxd4+ 28. Kh1 Qc5 29. Qxc5 Bxc5 30. Bxg4 Bxg4 31. Rxd8 Rxd8
32. Ne3 Be2 33. Rf2 Bd3 34. e5 Be4+ 35. Kg1 Rd3 0-1

[Event "38th Olympiad"]
[Site "Dresden GER"]
[Date "2008.11.19"]
[Round "6"]
[White "Solak,D"]
[Black "Collins,S IRL"]
[Result "1-0"]
[WhiteElo "2595"]
[BlackElo "2412"]
[EventDate "2008.11.13"]

1. e4 e5 2. Nf3 Nc6 3. Bb5 Nf6 4. Bxc6 dxc6 5. d3 Bd6 6. Nbd2 Nd7 7. Nc4 c5
8. O-O O-O 9. Bd2 Re8 10. Bc3 Qf6 11. Nfxe5 Bxe5 12. Nxe5 Nxe5 13. f4 Bg4
14. Qe1 Nxd3 15. cxd3 Qh6 16. f5 Rad8 17. h3 Bh5 18. Qg3 Be2 19. Rf4 Rxd3
20. Qf2 Rd1+ 21. Rxd1 Bxd1 22. Qg3 f6 23. Kh2 Qg5 24. Qf2 Kh8 25. Rh4 Rd8
26. e5 fxe5 27. Re4 Rf8 28. Rxe5 b6 29. Rd5 Rd8 30. h4 Qe7 31. f6 Qe8 32.
f7 1-0

[Event "38th Olympiad"]
[Site "Dresden GER"]
[Date "2008.11.19"]
[Round "6"]
[White "Quinn,M"]
[Black "Kovacevic,A"]
[Result "1/2-1/2"]
[WhiteElo "2401"]
[BlackElo "2581"]
[EventDate "2008.11.13"]

1. d4 Nf6 2. c4 e6 3. Nc3 Bb4 4. Qc2 c5 5. dxc5 O-O 6. a3 Bxc5 7. Nf3 b6 8.
Bf4 Nh5 9. Bg3 Bb7 10. e3 Be7 11. Rd1 h6 12. Bd6 Bxd6 13. Rxd6 Nf6 14. Rd2
Qe7 15. Be2 d5 16. cxd5 Nxd5 17. Nxd5 Bxd5 18. e4 Bb7 19. Qa4 Bc6 20. Bb5
Qb7 21. Bxc6 Nxc6 22. O-O b5 23. Qb3 Na5 24. Qc3 Nc4 25. Rd4 Rac8 26. Qb3
Rfd8 27. Rfd1 Rxd4 28. Rxd4 Ne5 29. g3 Nc6 30. Rd1 Na5 31. Qd3 Nc4 32. Qe2
a5 33. Rd4 a4 34. Kg2 Qb6 35. h4 Kf8 36. Qe1 Ke8 37. Qc3 Qc6 38. Qb4 Qc5
39. Qc3 f6 40. Nd2 Ne5 41. Nb1 Nc4 42. Nd2 Ne5 43. Nb1 Nc4 1/2-1/2

[Event "38th Olympiad"]
[Site "Dresden GER"]
[Date "2008.11.19"]
[Round "6"]
[White "Vuckovic,Bo"]
[Black "Heidenfeld,M"]
[Result "1-0"]
[WhiteElo "2561"]
[BlackElo "2364"]
[EventDate "2008.11.13"]

1. e4 e6 2. d4 d5 3. Nc3 dxe4 4. Nxe4 Nd7 5. Nf3 Ngf6 6. Nxf6+ Nxf6 7. Be3
Nd5 8. Bd2 c5 9. dxc5 Bxc5 10. Bd3 Nb4 11. Bxb4 Bxb4+ 12. c3 Bd6 13. Bb5+
Ke7 14. Qd2 Qa5 15. Qg5+ Kf8 16. b4 h6 17. Qh4 Qc7 18. Qd4 a6 19. Be2 Bd7
20. Rd1 Ke7 21. O-O Rad8 22. Qxg7 Ba4 23. Rxd6 Kxd6 24. Ne5 Rdg8 25. Qf6
Rh7 26. c4 b6 27. Rc1 Qd8 28. Nxf7+ Rxf7 29. c5+ bxc5 30. bxc5+ Kd5 31.
Bf3+ 1-0

[Event "38th Olympiad"]
[Site "Dresden GER"]
[Date "2008.11.19"]
[Round "6"]
[White "Lim Yee Weng"]
[Black "Lenic,L"]
[Result "1/2-1/2"]
[WhiteElo "2396"]
[BlackElo "2569"]
[EventDate "2008.11.13"]

1. e4 e5 2. Bc4 Nf6 3. d3 Nc6 4. Nc3 Na5 5. Qf3 d6 6. h3 Be7 7. Nge2 c6 8.
a4 Nxc4 9. dxc4 Be6 10. b3 O-O 11. O-O Qc7 12. Rd1 Rfe8 13. Ng3 Bf8 14. Bg5
Nd7 15. Rd2 f6 16. Be3 g6 17. Rad1 Rad8 18. Nf1 Kg7 19. Qg3 Be7 20. f4 Kh8
21. Nh2 Rg8 22. Kh1 Rdf8 23. Nf3 Qa5 24. fxe5 Nxe5 25. Bd4 Rg7 26. Ne2 a6
27. Bc3 Qc5 28. Bd4 Qa5 29. Bc3 Qc5 30. Bd4 Qa5 31. Bc3 Qc5 1/2-1/2

[Event "38th Olympiad"]
[Site "Dresden GER"]
[Date "2008.11.19"]
[Round "6"]
[White "Borisek,J"]
[Black "Mok Tze Meng"]
[Result "1-0"]
[WhiteElo "2548"]
[BlackElo "2308"]
[EventDate "2008.11.13"]

1. e4 g6 2. d4 Bg7 3. Nc3 c6 4. h3 d5 5. Nf3 Nf6 6. e5 Ne4 7. Nxe4 dxe4 8.
Ng5 c5 9. Bc4 O-O 10. c3 cxd4 11. cxd4 Nc6 12. Be3 Qa5+ 13. Kf1 h6 14. Nxe4
Rd8 15. Rc1 b5 16. Bb3 Nxd4 17. Bxd4 Qb4 18. Qf3 Bf5 19. Rd1 Rxd4 20. Nf6+
exf6 21. Qxa8+ Kh7 22. Rxd4 Qxd4 23. Kg1 Be4 24. Qb8 Qxb2 25. e6 fxe6 26.
Bxe6 h5 27. Bg8+ 1-0

[Event "38th Olympiad"]
[Site "Dresden GER"]
[Date "2008.11.19"]
[Round "6"]
[White "Liew Chee Meng Jimmy"]
[Black "Skoberne,J"]
[Result "0-1"]
[WhiteElo "2306"]
[BlackElo "2501"]
[EventDate "2008.11.13"]

1. d4 d5 2. c4 c6 3. Nc3 Nf6 4. Nf3 dxc4 5. a4 Bf5 6. e3 e6 7. Bxc4 Bb4 8.
O-O Nbd7 9. Bd3 O-O 10. e4 Bg6 11. e5 Nd5 12. Bxg6 hxg6 13. Ne4 Qe7 14. Qb3
b6 15. Nfg5 Rfd8 16. Qh3 Nf8 17. Rd1 f6 18. Rd3 fxg5 19. Bxg5 Qd7 20. Qh4
Ne7 21. g4 Qd5 22. Nc3 Qc4 23. Rad1 Rd7 24. Ne4 Qc2 25. Nc3 Nh7 26. Ne4 Rf8
27. Bc1 Rf3 28. Be3 Nd5 0-1

[Event "38th Olympiad"]
[Site "Dresden GER"]
[Date "2008.11.19"]
[Round "6"]
[White "Zhao Zong Yuan"]
[Black "Korchnoi,V"]
[Result "1-0"]
[WhiteElo "2567"]
[BlackElo "2584"]
[EventDate "2008.11.13"]

1. Nf3 e6 2. c4 Nf6 3. Nc3 Bb4 4. Qc2 O-O 5. a3 Bxc3 6. Qxc3 a5 7. b3 d6 8.
Bb2 e5 9. g3 c5 10. Bg2 Nc6 11. O-O Bg4 12. Rfe1 Qb6 13. e3 a4 14. bxa4
Rxa4 15. d3 Rd8 16. Rab1 Qa5 17. Qb3 Qa6 18. Nd2 Ra5 19. f4 Be6 20. Bc1 Bc8
21. Qb6 Qxb6 22. Rxb6 Nd7 23. Rb3 Nf6 24. Bb2 Ra6 25. Bxc6 Rxc6 26. fxe5
Ng4 27. exd6 Rcxd6 28. d4 Rh6 29. Nf3 Bf5 30. e4 Bc8 31. d5 b6 32. Bc1 Rg6
33. Nh4 Rgd6 34. e5 Re8 35. Nf3 Rg6 36. h3 Nf6 37. exf6 Rxg3+ 38. Kf2 Rxe1
39. Kxe1 gxf6 40. Kf2 Rxh3 41. Rxb6 Bg4 42. Rxf6 Rh1 43. Bb2 Bxf3 44. Kxf3
1-0

[Event "38th Olympiad"]
[Site "Dresden GER"]
[Date "2008.11.19"]
[Round "6"]
[White "Ramirez,Alej"]
[Black "Ziska,H"]
[Result "1-0"]
[WhiteElo "2533"]
[BlackElo "2416"]
[EventDate "2008.11.13"]

1. Nf3 Nf6 2. c4 g6 3. Nc3 Bg7 4. g3 O-O 5. Bg2 d6 6. d4 Nbd7 7. O-O e5 8.
e4 a6 9. h3 b5 10. Qc2 c6 11. Rd1 Qe7 12. c5 dxc5 13. dxe5 Ne8 14. Bg5 Qe6
15. Be3 Qe7 16. Ne2 Nc7 17. Rd2 c4 18. Ned4 Bb7 19. Rad1 Nc5 20. Nb3 Nd3
21. Na5 Ne6 22. b3 c5 23. bxc4 Bxe4 24. Rxd3 Qc7 25. Nb3 Rad8 26. Ne1 Bxd3
27. Nxd3 Bxe5 28. cxb5 c4 29. b6 Qc8 30. Nxe5 cxb3 31. Qxb3 1-0

[Event "38th Olympiad"]
[Site "Dresden GER"]
[Date "2008.11.19"]
[Round "6"]
[White "Olsen,H"]
[Black "Gonzalez,Be CRC"]
[Result "0-1"]
[WhiteElo "2376"]
[BlackElo "2432"]
[EventDate "2008.11.13"]

1. d4 f5 2. g3 Nf6 3. Bg2 g6 4. Nh3 Bg7 5. c4 Nc6 6. d5 Ne5 7. Qb3 d6 8.
Nf4 c6 9. h4 Qa5+ 10. Nc3 Nfg4 11. O-O Qc5 12. dxc6 bxc6 13. Na4 Qa5 14.
Nc3 Bd7 15. Bd2 Qc5 16. Rac1 Nxc4 17. Be1 Na5 18. Qd1 Qb6 19. Ncd5 Qd8 20.
b4 Nb7 21. Nxe7 Qxe7 22. b5 Nc5 23. bxc6 Be6 24. Bb4 Rc8 25. e4 fxe4 26.
Bh3 Nxf2 27. Rxf2 Bxh3 28. Nxh3 Nd3 29. Qg4 Rc7 30. Re2 Nxc1 31. Rxe4 Be5
32. Rxe5 Qxe5 0-1

[Event "38th Olympiad"]
[Site "Dresden GER"]
[Date "2008.11.19"]
[Round "6"]
[White "Andreasen,Jo"]
[Black "Hernandez Basante,F"]
[Result "1/2-1/2"]
[WhiteElo "2179"]
[BlackElo "2247"]
[EventDate "2008.11.13"]

1. d4 Nf6 2. c4 c5 3. d5 b5 4. cxb5 a6 5. b6 a5 6. Nc3 Ba6 7. Nf3 Qxb6 8.
g3 d6 9. Bg2 g6 10. b3 Bg7 11. Bb2 O-O 12. O-O Nbd7 13. h3 Rfb8 14. Rb1 Qc7
15. Qc2 Nb6 16. Rfd1 Nfd7 17. Rbc1 Nc8 18. Na4 Bxb2 19. Nxb2 Qd8 20. e4 Qf8
21. h4 Qg7 22. Re1 Ncb6 23. Re3 a4 24. Rce1 axb3 25. axb3 Bb5 26. Nd1 c4
27. bxc4 Nxc4 28. Rb3 Ba6 29. Rxb8+ Rxb8 30. Qa4 Nc5 31. Qa2 Ne5 32. Nxe5
Qxe5 33. Qd2 Nd3 34. Re3 Nb2 1/2-1/2

[Event "38th Olympiad"]
[Site "Dresden GER"]
[Date "2008.11.19"]
[Round "6"]
[White "Slimani,An"]
[Black "Yilmaz,M"]
[Result "0-1"]
[WhiteElo "1956"]
[BlackElo "2387"]
[EventDate "2008.11.13"]

1. e4 c5 2. Nf3 d6 3. c3 Nf6 4. Be2 Nbd7 5. Qc2 Qc7 6. Na3 a6 7. O-O g6 8.
d3 Bg7 9. Bf4 O-O 10. Rfe1 b5 11. Qd2 Bb7 12. Bf1 Ne5 13. Nh4 Rfd8 14. d4
Qb6 15. Bg5 Ned7 16. d5 c4 17. Kh1 Ng4 18. Re2 f6 19. Bf4 Nc5 20. f3 Ne5
21. Be3 Qc7 22. Nc2 e6 23. dxe6 Nxe6 24. Nb4 Qf7 25. Nd5 Nd3 26. Nb6 Rab8
27. b3 d5 28. exd5 Bxd5 29. Nxd5 Rxd5 30. Qc2 g5 31. bxc4 bxc4 32. Qa4 gxh4
33. Qxc4 Rbd8 34. Qxh4 Ne5 35. Ree1 a5 36. c4 Ng6 37. Qg3 Rh5 38. f4 f5 39.
Rad1 Bf6 40. Qf3 Rh6 41. g3 Ngf8 42. Qf2 Rc8 43. Rd5 Be7 44. Bd3 Rf6 45.
Bb6 Bb4 46. Ree5 Qb7 47. Kg1 Nxf4 48. gxf4 Qxb6 49. Qxb6 Rxb6 50. Rxf5 Rbc6
51. Rg5+ Kh8 52. f5 R8c7 53. Kg2 Rg7 54. h4 h6 55. Rg3 Rd6 56. Be4 Rxd5 57.
Bxd5 Bd6 58. Rxg7 Kxg7 59. Kf3 Kf6 60. Ke4 Nd7 61. Be6 Nc5+ 62. Kd5 Bf8 63.
Kc6 Nxe6 64. fxe6 Kxe6 65. c5 h5 66. Kb5 Be7 67. c6 Bxh4 68. c7 Kd7 69.
Kxa5 Bf6 0-1

[Event "38th Olympiad"]
[Site "Dresden GER"]
[Date "2008.11.19"]
[Round "6"]
[White "Arakhamia,K"]
[Black "Uesugi,S"]
[Result "1-0"]
[WhiteElo "2448"]
[BlackElo "2222"]
[EventDate "2008.11.13"]

1. e4 c5 2. Nf3 Nc6 3. d4 cxd4 4. Nxd4 Nf6 5. Nc3 e5 6. Ndb5 d6 7. Bg5 a6
8. Na3 b5 9. Nd5 Be7 10. Bxf6 Bxf6 11. c3 O-O 12. Nc2 Bg5 13. a4 bxa4 14.
Rxa4 a5 15. Bc4 Rb8 16. b3 Kh8 17. h4 Bh6 18. Qe2 Be6 19. Nce3 Bxe3 20.
Nxe3 Bxc4 21. Qxc4 Qb6 22. O-O Qxb3 23. Rd1 Rfd8 24. Qxb3 Rxb3 25. Rc4 Rb6
26. Nd5 Ra6 27. Nc7 Rb6 28. Nd5 Ra6 29. Rb1 Rc8 30. Rb7 h5 31. Nb6 Rd8 32.
Rxc6 a4 33. Rc8 Rxc8 34. Nxc8 a3 35. Rb1 Rc6 36. Rb8 Kh7 37. Ra8 Rxc3 38.
Nxd6 Rc1+ 39. Kh2 Rc2 40. Nxf7 1-0

[Event "38th Olympiad"]
[Site "Dresden GER"]
[Date "2008.11.19"]
[Round "6"]
[White "Sano,T"]
[Black "McNab,C"]
[Result "0-1"]
[WhiteElo "2111"]
[BlackElo "2455"]
[EventDate "2008.11.13"]

1. e4 g6 2. d4 d6 3. Nc3 Bg7 4. f4 Nf6 5. Nf3 O-O 6. Be3 Nbd7 7. Qd2 c5 8.
dxc5 Nxc5 9. e5 Ng4 10. Bg1 b6 11. O-O-O Bb7 12. h3 Nh6 13. Qe1 Rc8 14. h4
Qc7 15. h5 Na4 16. Bd4 Nf5 17. hxg6 hxg6 18. exd6 exd6 19. Bxg7 Kxg7 20.
Bd3 Nxc3 21. bxc3 Rfe8 22. Qd2 Bxf3 23. gxf3 Qxc3 24. Qxc3+ Rxc3 25. Bxf5
gxf5 26. Rxd6 Re2 27. Rg1+ Kf8 28. Rd8+ Ke7 29. Rgg8 Rcxc2+ 30. Kb1 Rb2+
31. Kc1 Rxa2 32. Rc8 Ra1+ 0-1

[Event "38th Olympiad"]
[Site "Dresden GER"]
[Date "2008.11.19"]
[Round "6"]
[White "Rozentalis,E"]
[Black "Damaso,R"]
[Result "1-0"]
[WhiteElo "2577"]
[BlackElo "2424"]
[EventDate "2008.11.13"]

1. e4 c5 2. Nf3 d6 3. Bb5+ Nd7 4. d4 Ngf6 5. Nc3 a6 6. Bxd7+ Nxd7 7. O-O e6
8. a4 b6 9. Bg5 Be7 10. Bxe7 Qxe7 11. dxc5 dxc5 12. Qd3 Bb7 13. Rfd1 Rd8
14. h3 Nf6 15. Qxd8+ Qxd8 16. Rxd8+ Kxd8 17. Ne5 Rf8 18. f3 Kc7 19. Rd1 Bc6
20. Kf2 b5 21. axb5 axb5 22. Ra1 b4 23. Nd1 Bb7 24. Ne3 Nd7 25. Nxd7 Kxd7
26. Nc4 f6 27. Ke3 Kc7 28. Ra5 Kc6 29. Ra7 Kc7 30. e5 Ra8 31. Rxa8 Bxa8 32.
Nd6 Kd7 33. exf6 gxf6 34. Ne4 Bxe4 35. Kxe4 h6 36. g4 Ke7 37. f4 Kf7 38. f5
Ke7 39. fxe6 Kxe6 40. b3 1-0

[Event "38th Olympiad"]
[Site "Dresden GER"]
[Date "2008.11.19"]
[Round "6"]
[White "Palac,M"]
[Black "Megaranto,S"]
[Result "1/2-1/2"]
[WhiteElo "2583"]
[BlackElo "2536"]
[EventDate "2008.11.13"]

1. e4 d5 2. exd5 Qxd5 3. Nc3 Qa5 4. d4 c6 5. Nf3 Nf6 6. Bc4 Bf5 7. Bd2 e6
8. Nd5 Qd8 9. Nxf6+ gxf6 10. Bb3 Nd7 11. Qe2 Qc7 12. Nh4 Bg6 13. O-O-O
O-O-O 14. g3 Bd6 15. Nxg6 hxg6 16. h4 Kb8 17. Kb1 a6 18. c3 f5 19. Bg5 Rde8
20. h5 gxh5 21. Rxh5 Reg8 22. Rdh1 Rxh5 23. Rxh5 Ka8 24. a3 Nf8 25. Ka2 Ng6
26. Rh7 Nf8 27. Rh5 Ng6 28. Rh7 Nf8 29. Rh5 Ng6 30. Rh7 Nf8 31. Rh5 1/2-1/2

[Event "38th Olympiad"]
[Site "Dresden GER"]
[Date "2008.11.19"]
[Round "6"]
[White "Purnama,T"]
[Black "Jovanovic,Zo CRO"]
[Result "1/2-1/2"]
[WhiteElo "2417"]
[BlackElo "2564"]
[EventDate "2008.11.13"]

1. d4 Nf6 2. c4 g6 3. Nc3 Bg7 4. Nf3 d6 5. Bf4 O-O 6. h3 c5 7. d5 b5 8.
cxb5 a6 9. e3 Qa5 10. Nd2 axb5 11. Bxb5 Nh5 12. Qb3 Nxf4 13. exf4 Ba6 14.
Bxa6 Qxa6 15. Nb5 Qa4 16. O-O Nd7 17. Rfe1 Qxf4 18. Nc4 Ne5 19. Rac1 Rfb8
20. a4 Rb7 21. Re3 Qh4 22. Rc2 Qh5 23. Rce2 Qf5 24. Re4 h5 25. Nxe5 Bxe5
26. Qc4 Rab8 27. b3 Qd7 28. h4 Bf6 29. g3 Qh3 30. R2e3 Kg7 31. Qc2 Qf5 32.
Qd3 Qh3 33. Qc2 Qf5 34. Qd3 Qh3 35. Qc2 Qxh4 36. g4 1/2-1/2

[Event "38th Olympiad"]
[Site "Dresden GER"]
[Date "2008.11.19"]
[Round "6"]
[White "Prasca Sosa,R"]
[Black "Abu Sufian,S"]
[Result "1/2-1/2"]
[WhiteElo "2410"]
[BlackElo "2418"]
[EventDate "2008.11.13"]

1. e4 c5 2. Nf3 Nc6 3. d4 cxd4 4. Nxd4 g6 5. Nc3 Bg7 6. Be3 Nf6 7. Bc4 O-O
8. Bb3 d6 9. f3 Bd7 10. Qd2 Rc8 11. O-O-O Ne5 12. Kb1 a6 13. h4 h5 14. Bh6
Nc4 15. Bxc4 Rxc4 16. Bxg7 Kxg7 17. g4 hxg4 18. h5 Rh8 19. hxg6 fxg6 20. f4
e5 21. fxe5 dxe5 22. Nde2 Rh3 23. Rhf1 Rf3 24. Rh1 Rh3 25. Rhf1 Rf3 26. Rh1
Rh3 27. Rhf1 Rf3 1/2-1/2

[Event "38th Olympiad"]
[Site "Dresden GER"]
[Date "2008.11.19"]
[Round "6"]
[White "Amin,B"]
[Black "Kindermann,S"]
[Result "0-1"]
[WhiteElo "2560"]
[BlackElo "2517"]
[EventDate "2008.11.13"]

1. e4 e6 2. d3 d5 3. Qe2 Nf6 4. Nf3 Be7 5. g3 O-O 6. e5 Ne8 7. h4 c5 8. Bg2
Nc6 9. O-O Nc7 10. Re1 f5 11. c4 b5 12. b3 Ba6 13. Nc3 Rb8 14. Rd1 bxc4 15.
bxc4 Nd4 16. Nxd4 cxd4 17. cxd5 dxc3 18. d6 Nb5 19. d4 Rb6 20. dxe7 Qxe7
21. Qc2 Qb4 22. Qb3 Nxd4 23. Qxb4 Rxb4 24. Ba3 Ra4 25. Bxf8 Kxf8 26. Bf1
Bb7 27. f4 c2 28. Rd3 Be4 29. Re3 Rxa2 30. Rc1 Rb2 31. Kf2 Rb1 0-1